01127nam a2200205Ia 4500008004100000082002000041100001200061245003400073250000800107260002300115300001000138650001900148942001500167952014000182952015200322952015200474952014000626952014000766999001500906150201s2004    xx            000 0 und d  a617.692bE2004W  aWINKLER  aESSENTIAL OF COMPLETE DENTURE  a2ND  bAITBSaDELHIc2004  a1-463  aPROSTHODONTICS  2ddccBK01  00102ddc4070aFDbFDd2005-03-10eU.B.S.DELHIg450.00h1iSGTUl0o617.692 E2004WpFD3211r2015-02-09 00:00:00w2012-04-18yBKk1305  00102ddc4070aFDbFDd2005-03-10eU.B.S.DELHIg450.00h1iSGTUl1o617.692 E2004WpFD3212r2025-01-24 00:00:00s2024-12-18w2012-04-18yBKk1305  00102ddc4070aFDbFDd2005-03-10eU.B.S.DELHIg450.00h1iSGTUl1o617.692 E2004WpFD3213r2025-07-04 00:00:00s2025-06-18w2012-04-18yBKk1305  00102ddc4070aFDbFDd2005-03-10eU.B.S.DELHIg450.00h1iSGTUl0o617.692 E2004WpFD3214r2015-11-18 00:00:00w2012-04-18yBKk1305  00102ddc4070aFDbFDd2005-03-10eU.B.S.DELHIg450.00h1iSGTUl0o617.692 E2004WpFD3215r2015-02-09 00:00:00w2012-04-18yBKk1305  c3194d3194